First Word Sci-Fi Movies Quiz Stats

 Plays Quiz Updated May 8, 2018

Score 0/30 Timer 04:00
5 Plays Today
First Word % Correct
Planet
97%
Back
96.9%
Star
96.3%
Mad
95.8%
E.T.
95.5%
Total
93.4%
War
92.5%
Blade
91.1%
Terminator
89.7%
2001:
87.7%
Donnie
86.7%
Close
84.6%
Rogue
83%
Independence
80.7%
Twelve
80.6%
First Word % Correct
Ex
78.9%
Ready
76.6%
Invasion
75.8%
Cowboys
75%
Jupiter
70.9%
Escape
68%
Galaxy
64.9%
Edge
59.8%
Children
59.6%
Aeon
59.1%
Alien:
58.7%
Soylent
56.9%
Event
54.4%
Logan's
48.6%
Attack
30.5%

You're not logged in!

Compare scores with friends on all Sporcle quizzes.
OR
Log In

Sporcle TV

Today on Sporcle TV


Watch our educational content, quiz creation guides, and fun videos on Sporcle TV.

Show Comments

Extras

Top Quizzes Today


Score Distribution

Your Account Isn't Verified!

In order to create a playlist on Sporcle, you need to verify the email address you used during registration. Go to your Sporcle Settings to finish the process.

Report this User

Report this user for behavior that violates our Community Guidelines.

Details: